000 00466cam a2200193ua 4500
020 _c12.00
041 _aeng
_h
082 _a621.3
_bKUK/PR
100 _aKukde, S P .
245 _aProblems in electrical engineering with solutions /
_cS.P.Kukde.
_hTextual Documents
260 _a :
_bRoyal Book Stall.
300 _a489 ; .
365 _a12.00
504 _a
942 _cBK
999 _c3116
_d3116